Letectví ilustrovaný časopis pro techniku, dopravu a sport : officielní orgán československé aviatického klubu

Bibliographic Details
New Title:Křídla vlasti
Corporate Authors: Československý aviatický klub, Československý aeroklub
Format: Serial
Language:Czech
English
Slovak
PhysicalDescription:28 zv. cm
Published: Praha Československý aviatický klub 1921-1952
ISSN:1805-7330
Subjects:

MARC

LEADER 00000cas a2200000 a 4500
001 vtls001359284
003 SK-MaSNL
005 20260228160113.0
008 990401d19211952xr mr 0 0 0cze c
022 |a 1805-7330 
035 |a SNK000312818 
040 |a SNK  |b slo  |c SNK  |e AACR2 
041 0 |a cze  |a eng  |a slo 
044 |a xr  |c CZ 
072 7 |a 629  |x Dopravné prostriedky  |2 konspekt 
080 |a 629.7  |2 2011 
080 |a (051)-048.55  |2 2011 
080 |a 050  |2 2011 
222 0 |a Letectví  |b (Praha) 
245 0 0 |a Letectví  |b ilustrovaný časopis pro techniku, dopravu a sport : officielní orgán československé aviatického klubu 
246 1 |i Súbežný názov v niektorých rokoch:  |a Mois aéronautique tchécoslovaque 
260 |a Praha  |b Československý aviatický klub  |c 1921-1952 
300 |a 28 zv.  |c cm 
310 |a 2x mesačne 
321 |a 1x mesačne  |b 1921-1947 
362 0 |a Roč. 1, č. 1 (1921)-roč. 20 (1940), roč. 21 (1945)-roč. 28 (1952) 
500 |a Zmeny podnázvu: officielní orgán československého aeroklubu v Praze ; měsíční ilustrovaná revue ; officielní orgán českého národního aeroklubu ; obrazový čtrnáctideník ; obrázkový čtrnáctideník aeroklubu RČS 
546 |a Text aj v angl. a slov. 
650 0 7 |a letectvo  |2 SNKPH  |9 23632 
655 7 |a špecializované časopisy  |2 SNKPH  |9 70509 
710 2 |a Československý aviatický klub  |9 265956 
710 2 |a Československý aeroklub  |9 265957 
770 0 |t Mois aéronatique Tchécoslovaque 
785 0 0 |t Křídla vlasti 
910 |a snk 
999 |c 1479  |d 3409 
952 |0 0  |1 1  |4 0  |7 0  |a SNK  |b SNK  |d 1999-02-27  |l 0  |o snkČB 791/6/1926  |p 17A0182329  |r 2005-01-02 00:00:00  |w 2026-02-21  |y PREZ 
952 |0 0  |1 1  |4 0  |7 0  |a SNK  |b SNK  |d 1999-02-27  |l 0  |o snkČB 791/5/1925  |p 17A0182367  |r 2005-01-02 00:00:00  |w 2026-02-21  |y PREZ 
952 |0 0  |1 1  |4 0  |7 0  |a SNK  |b SNK  |d 2003-02-17  |l 0  |o snkČB 791/24/1948  |p 17A0373931  |r 2005-01-02 00:00:00  |t č. 1-19  |w 2026-02-21  |y PREZ 
952 |0 0  |1 1  |4 0  |7 0  |a SNK  |b SNK  |d 2003-02-17  |l 0  |o snkČB 791/25/1949  |p 17A0373938  |r 2005-01-02 00:00:00  |t č. 1-26  |w 2026-02-21  |y PREZ 
952 |0 0  |1 1  |4 0  |7 0  |a SNK  |b SNK  |d 1999-04-01  |l 0  |o snkČB 791/23/1947  |p 17A0188361  |r 2005-01-02 00:00:00  |t č. 1-9  |w 2026-02-21  |y PREZ 
952 |0 0  |1 1  |4 0  |7 0  |a SNK  |b SNK  |d 1999-04-01  |l 0  |o snkČB 791/22/1946  |p 17A0188232  |r 2005-01-02 00:00:00  |t č. 1-12  |w 2026-02-21  |y PREZ 
952 |0 0  |1 1  |4 0  |7 0  |a SNK  |b SNK  |d 1997-01-21  |l 0  |o snkČB 791/26/1950  |p 17A0031917  |r 2005-01-01 00:00:00  |t č. 1-26  |w 2026-02-21  |y PREZ 
952 |0 0  |1 1  |4 0  |7 0  |a SNK  |b SNK  |d 1997-01-21  |l 0  |o snkČB 791/27/1951  |p 17A0031924  |r 2005-01-01 00:00:00  |t č. 1-26  |w 2026-02-21  |y PREZ 
952 |0 0  |1 1  |4 0  |7 0  |a SNK  |b SNK  |d 1997-01-21  |l 0  |o snkČB 791/28/1952  |p 17A0031889  |r 2005-01-01 00:00:00  |t č. 1-6  |w 2026-02-21  |y PREZ